00245nam a2200097Ia 4500008004100000100001300041245004200054260002800096300000900124650001400133190216s9999||||xx |||||||||||||| ||und|| aPrest Ar 0aPublic Finance In Theory And Practice bEnglish Uty Pressc1960 a423p aEconomics